| 000 | 01009nam a2200253Ia 4500 | ||
|---|---|---|---|
| 008 | 0000002007 usad 0000000000eng00 | ||
| 020 | _a974342170 | ||
| 090 | _aPUS00 D15d | ||
| 245 | 1 | 0 |
_aDance the line paintings by Karl Benjamin _c/ essay by Dave Hickey |
| 300 |
_a124 p. _c/ 27 cm. |
||
| 500 | _aExposición realizada en Louis Stern Fine Arts, septiembre 29 diciembre 22, 2007 \ Incluye cronología del artista \ Proyecto Ganador Programa Apoyos Concertados FGAA 2010 | ||
| 501 | _aKarl Benjamin a new past is now available / Dave Hickey | ||
| 600 | 0 | 0 |
_aBENJAMIN, KARL, 1925/ _xTRABAJOS PICTORICOS |
| 650 | 1 | 4 | _aARTE CONTEMPORANEO ESTADOUNIDENSE |
| 650 | 1 | 4 | _aARTISTAS PLASTICOS ESTADOUNIDENSES |
| 650 | 1 | 4 | _xCATALOGOS |
| 650 | 1 | 4 | _xEXPOSICIONES |
| 650 | 1 | 4 | _aPINTORES ESTADOUNIDENSES |
| 650 | 1 | 4 | _aPINTURA ABSTRACTA |
| 650 | 1 | 4 | _aPINTURA AL OLEO |
| 650 | 1 | 4 | _aPINTURA ESTADOUNIDENSE |
| 700 | 1 | _aHickey, Dave | |
| 999 |
_c12103 _d12103 |
||
| 260 |
_aWest Hollywood : Louis Stern Fine Arts _c2007 |
||